000 00552nam a22002057a 4500
003 OSt
005 20140310182816.0
008 130228t xxu||||| |||| 00| 0 eng d
020 _a9710868969
050 _aGV 361
_b.T917 2008
082 _aFIL 613.7
_bT917 2008
245 _aBasic physical education 2 for college
_cTulio, Doris
260 _aMandaluyong City
_bNational Book Store
_cc2008
300 _ax, 336 p.
_b ill.
_c 25 cm.
521 _aCollege
526 _c1210L-1700L
541 _j1
562 _e1
942 _2lcc
_cBK
_kFIL
999 _c16289
_d16289